1428 1253 1126 1151 1352 1697 1800 1818 1934 1510 1548 1283 1926 1876 1963 1236 1288 1190 1866 1105 1728 1026 1999 1284 1169 1617 1723 1702 1222 1733 1494 1574 1458 1197 1105 1542 1105 1359 1411 1034 1438 1299 1551 1809 1579 1957 1510 1857 1294 1292 1357 1232 1401 1565 1235 1394 1251 1833 1694 1574 1182 1347 1060 1662 1257 1754 1788 1076 1578 1001 1242 1485 1089 1294 1960 1056 1399 1836 1607 1815 1450 1479 1554 1426 1197 1945 1824 1932 1748 1696 1095 1850 1156 1955 1181 1628 1337 1870 1663 BCNSPRNW ULIB Ver.6.0+V

เปลี่ยนเป็นภาษาไทย

Change to English
 แสดงรายละเอียดบรรณานุกรม
  กลับหน้าหลัก

Brief Record : Get Marc (ISO 2709) : E-mail record : QR code < ปิดหน้าต่าง
LEADER : 00000nam 2200000uu 4500
001    13399128536
003     ULIB
008    230831s2565||||th 000 0 tha d
020    ^a8856652048370
060    ^aWS440^bป541น
100    ^aป้านกใหญ่
245    ^aนิทานเสริมสร้างทักษะในการใช้ชีวิต สอนให้เด็กมีความมั่นใจ และเกิดพัฒนาการตามวัยอย่างเหมาะสม หนูทำเอง หนูเก่งจัง : Do it By Yourseif, You Are Good
250    ^aพิมพ์ครั้งที่ 1
260    ^aกรุงเทพฯ :^bบริษัท วรรณาพับลิชชิ่ง จำกัด,^cม.ป.ป.
300    ^a24 หน้า;^c19 ซม.
650    ^aนิทานเด็ก
650    ^aเด็ก-พัฒนาการ
945    ^p50^l0^i010304
999    ^aประนอม เกษจรัล
รายการนี้ยังไม่มีแท็ก
คุณยังไม่ได้ล็อกอิน คุณสามารถมีกิจกรรมร่วมกับเว็บไซต์ได้ แต่ต้องล็อกอินก่อน ::
  ล็อกอิน

รายการสื่อสารสนเทศ

ลำดับที่ ประเภท เลขเรียก/บาร์โค้ด สถานที่ สถานะ
1. วิทยาศาสตร์การแพทย์ และสุขภาพ
วิทยาศาสตร์การแพทย์ และสุขภาพ
WS440 ป541น ฉ.1 
  Barcode: 010304
ห้องสมุดวิทยาเขตสวรรค์ประชารักษ์
►หนังสือทั่วไป
บนชั้น

รายการใกล้เคียง
    ชื่อเรื่อง [นิทานเสริมสร้างทักษะในการใช้ชีวิต สอนให้เด็กมีความมั่นใจ และเกิดพัฒนาการตามวัยอย่างเหมาะสม หนูทำเอง หนูเก่งจัง : Do it By Yourseif, You Are Good]

    ผู้แต่ง [ป้านกใหญ่]

    หัวเรื่อง [นิทานเด็ก]
    หัวเรื่อง [เด็ก-พัฒนาการ]

BibComment


ยังไม่เคยถูกคอมเมนท์

คอมเมนท์ทรัพยากรรายการนี้
  คอมเมนท์: นิทานเสริมสร้างท..


 Copyright 2026. Bcnsprnw @Library